000 00673nam a2200253Ia 4500
003 OSt
005 20220918174456.0
006 a|||||r|||| 00| 0
007 ta
008 220917b |||||||| |||| 00| 0 eng d
024 _a12,317
037 _cTextual
040 _aARTS
_cARTS
_beng
041 _2eng
_aeng
082 _aMY253, L5
100 _aHass Hans
_950595
245 0 _aConquest of the underwater world
260 _aAbbot
_bDavid and Charles
_c1975
300 _a407p.
_ccm.
500 _aBibliography p385-389; Appendix p.379-384
650 _aINDUSTRIAL ARTS
942 _hMY253, L5
_cTEXL
_2CC
999 _c153308
_d153308